| 000 | 00663cam a22002171 4500 | ||
|---|---|---|---|
| 001 | ne 66001387 | ||
| 003 | DLC | ||
| 005 | 20260227111825.0 | ||
| 008 | 840113s1965 ua 000 0 arar | ||
| 010 | _ane 66001387 | ||
| 035 | _a(OCoLC)10296792 | ||
| 040 |
_aDLC _cTxU _dTxU _dOCoLC _dDLC |
||
| 042 | _apremarc | ||
| 050 | 0 | 0 |
_aHC59.7 _b.L8 |
| 100 | 1 | _aLuṭfī, ʻAlī. | |
| 245 | 1 | 0 |
_aMushkilāt al-taṣnīʻ fī al-duwal al-nāmiyah, _c[taʼlīf] ʻAlī Luṭfī. |
| 260 |
_a[al-Qāhirah] : _bMaṭbaʻat Lajnat al-Bayān al-ʻArabī, _c1965. |
||
| 300 |
_a69, [3] p. ; _c24 cm. |
||
| 504 | _aBibliography: p. [68]-[71] | ||
| 651 | 0 | _aDeveloping countries. | |
| 999 |
_c49043 _d49043 |
||